000 00783nam a22002057a 4500
005 20240327174002.0
010 _aENG-139975
020 _a9788182572904
_c750.00
035 _aEN-123507
037 _bDBAD/PUB
082 _a658.312
100 _aChatterjee, Sanchita
_964031
245 _aWorkers' Welfare and Corporate Strategies;
_bA Case Study of India/
_cBy Sanchita Chatterjee , Yatika Agarwal [and] Palashka Jha
260 _aJaipur
_bCUTS International
_c2023
270 _aD-217, Bhaskar Marg, Bani Park
_bJaipur
_e302016
_k91-1412282821
_mcuts1@cuts.org
300 _a58p.
_bill.
_c29cm(Pb)
700 _aAgarwal, Yatika
_964024
700 _aJha, Palashka
_964025
942 _2ddc
_cEN
_h658.312
_mCHA
999 _c201822
_d201822